00599nam a22001937a 450000500170000001000150001702000260003202000230005803500130008103700130009408200100010724501020011726000450021927000630026430000340032750000190036170000110038070000140039120141121114228.0 aENG-111230 a9780198099772c995.00 a0198099770c995.00 aEN-94762 bDBAD/PUB a954.3 aA concise history of south India :cedited by Noboru [and] Karashimabissues and interpretation / aNew DelhibOxford University Pressc2014 aYMCA Library building, 1 Jai Singh RoadbNew Delhie110001 axxi, 396p. :c25cm(pbk)bill. aIncludes index aNoboru aKarashima